1624 1629 1906 1679 1719 1636 1198 1704 1856 1598 1953 1487 1219 1503 1499 1945 1505 1701 1599 1186 1063 1808 1833 1800 1391 1589 1580 1478 1103 1559 1286 1727 1076 1202 1807 1994 1210 1131 1312 1731 1329 1047 1395 1708 1506 1101 1771 1584 1255 1523 1174 1931 1317 1428 1994 1333 1479 1231 1906 1373 1207 1204 1303 1825 1574 1619 1864 1133 1613 1811 1721 1929 1525 1074 1100 1843 1923 1285 1835 1784 1458 1157 1953 1502 1852 1171 1457 1772 1260 1413 1293 1668 1303 1441 1064 1547 1628 1843 1994 BCNSPRNW ULIB Ver.6.0+V

เปลี่ยนเป็นภาษาไทย

Change to English
 แสดงรายละเอียดบรรณานุกรม
  กลับหน้าหลัก

Brief Record : Get Marc (ISO 2709) : E-mail record : QR code < ปิดหน้าต่าง
LEADER : 00000nam 2200000uu 4500
001    13399115100
003     ULIB
008    120709s2551||||th 000 0 tha d
090    ^aDS586.^bม125ก 2550
100 0  ^aมนทิรา จูฑาพุทธิ
245 00 ^a๙ ย่างตามรอยเท้าพ่อ/^cมนทิรา จูฑาพุทธิ
250    ^aพิมพ์ครั้งที่ 1
260    ^aกรุงเทพฯ ,^c2551
300    ^a223 หน้า
945    ^p0^l0^i16522
995    ^aกัณชพร
999    ^aใช้งานได้ทุกระบบ
รายการนี้ยังไม่มีแท็ก
คุณยังไม่ได้ล็อกอิน คุณสามารถมีกิจกรรมร่วมกับเว็บไซต์ได้ แต่ต้องล็อกอินก่อน ::
  ล็อกอิน

รายการสื่อสารสนเทศ

ลำดับที่ ประเภท เลขเรียก/บาร์โค้ด สถานที่ สถานะ
- ไม่พบข้อมูล -

BibComment


ยังไม่เคยถูกคอมเมนท์

คอมเมนท์ทรัพยากรรายการนี้
  คอมเมนท์: ๙ ย่างตามรอยเท้า..


 Copyright 2026. Bcnsprnw @Library